Các phương pháp dạy học hiệu quả = Classroom instruction that works

Trình bày những phương pháp cho người giáo viên dạy học có hiệu quả, lựa chọn và áp dụng những phương pháp giảng dạy thích hợp để nâng cao chất lượng giáo dục

Shranjeno v:
Bibliografske podrobnosti
Glavni avtor: Marzano, Robert J.
Drugi avtorji: Pickering, Debra J. (Tác giả), Pollock, Jane E. (Tác giả), Nguyễn Hồng Vân (dịch)
Format: Knjiga
Jezik:Vietnamese
Izdano: H. Giáo dục 2011
Serija:Bộ sách Đổi mới phương pháp dạy học
Teme:
Oznake: Označite
Brez oznak, prvi označite!
Thư viện lưu trữ: Mạng thư viện Đại học Đà Nẵng
LEADER 01629nam a2200397 4500
001 000006494
003 2650
005 20120529090505.0
008 110913s2011 viesd
020 |c 40000đ 
041 0 |a vie 
082 |a 370.7  |b MA-R 
100 1 |a Marzano, Robert J. 
245 0 |a Các phương pháp dạy học hiệu quả  |b = Classroom instruction that works  |c Robert J. Marzano, Debra J. Pickering, Jane E, Pollock ; Nguyễn Hồng Vân dịch 
260 |a H.  |b Giáo dục  |c 2011 
300 |a 224 tr  |b hình vẽ, bảng  |c 24 cm 
490 |a Bộ sách Đổi mới phương pháp dạy học 
504 |a Phụ lục: tr. 200-219 
520 |a Trình bày những phương pháp cho người giáo viên dạy học có hiệu quả, lựa chọn và áp dụng những phương pháp giảng dạy thích hợp để nâng cao chất lượng giáo dục 
653 |a Giáo dục 
653 |a Phương pháp giảng dạy 
653 |a Hiệu quả 
700 1 |a Pickering, Debra J.  |e Tác giả 
700 1 |a Pollock, Jane E.  |e Tác giả 
700 1 |a Nguyễn Hồng Vân  |e dịch 
910 |a Nguyễn Thị Kim Oanh  |d 13/09/2011 
OWN |a LSP 
AVA |a UDN50  |b LSP  |d 370.7 MA-R  |e check_holdings  |t Error 5003 Not defined in file expand_doc_bib_avail.  |h N  |k 1 
999 |a From the UDN01 
AVA |a UDN50  |b LSP  |d 370.7 MA-R  |e available  |t Error 5001 Not defined in file expand_doc_bib_avail.  |f 40  |g 1  |h N  |i 11  |k 1 
TYP |a Monograph 
TYP |a Printed language 
980 |a Mạng thư viện Đại học Đà Nẵng